00515nam a2200181Ia 4500999001700000003000400017005001700021008004100038020001500079040001800094082001800112100002800130245007400158260004000232300000900272650001000281942004200291 c16500d16500OSt20200606115928.0190216s9999||||xx |||||||||||||| ||und|| a8179751627 cMESKC library a891.43bPAR/A aParagh, Javarimall9275 0aAdhunik Hindi Sahithya Mulyakan Aur Punmrulyakan /cJavarimall Paragh bAnamika Publication, c2007aDelhi: a248p aHindi cBK2ddch891.43iPAR/Ak891.43mPAR/A